01656cam a22003857a 4500003000500000005001700005008004100022010001000063011001000073035001000083040000900093090001000102100003400112245017000146260004100316300001900357502011700376590003700493590004100530590004100571590004100612590004200653650003900695650002800734650003600762650003500798901000700833905002600840942000900866949006200875949004900937999001700986952014001003952012701143CHAP20220329142701.0010920d2001 mx r 00110 spa d a86478 a87450 a97994 cCHAP aTesis00aPedro, Gabriel Cenobio98656210aProductividad del agua en sandía Citrullus lanatus (Thunb.) con diferentes colores de acolchado plástico y riego por goteo - Cintillac/por Gabriel Cenobio Pedro aBermejillo, Dgo. :bEl autor,c2002. a55 h. :bilus. aTesis (Ing. Agr. en Sistemas Agrícolas de Zonas Aridas) -- UACH. Unidad Regional Universitaria de Zonas Aridas aALEPHb10c20130110lUCH01h1450 aBATCH-UPDb10c20130110lUCH01h0753 aBATCH-UPDb10c20130410lUCH01h0433 aBATCH-UPDb10c20130914lUCH01h1905 aCONVERSIONb10c20130109lUCH01h134814aPlásticos en agricultura.98919914aRiego por goteo.99738014aSandíaxIrrigación.910207114aSandíaxRendimiento.9102081 aBK aAlejandra Carrasco M. cFOLL aTesisbBCcTESd33724000879797eTS2fc.2h40164i97994sb aTesisbBCcTESd979941eTS1h40163i97994sb c86478d86478 00102local4053708TESISaBCbBCcPA_TESISd2019-12-31fTESISl0oTesisp33724000879797r2019-12-31 00:00:00tc.2w2019-12-31yTESIS 00102local4051708TESISaBCbBCcPA_TESISd2019-12-31fTESISl0oTesisp979941r2019-12-31 00:00:00w2019-12-31yTESIS